000 00735nam a22002777a 4500
008 131127b xxu||||| |||| 00| 0 eng d
020 _a0-7121-0859-9
024 _cAvailable
037 _cAvailable
040 _aMBSTU LIBRARY
_dMBSTU LIBRARY
082 _222
_a342.042 JOL
100 _aJones, B.
110 _aC Hibbert.
245 _aA level law.
250 _a4th
260 _aLondon.
_bPitman Publishing .
_c1994
300 _a22 cm.
_b294 page
_f1
_g22 cm.
600 _2Internal law
650 _2Internal law
700 _aJones, B.
710 _aC Hibbert.
270 _aLondon
_bLondon.
_dUK.
365 _b5700.00
_d5700.00
942 _2ddc
_cBK
999 _c898
_d898